Normal view
MARC view
Entry Topical Term
001 - CONTROL NUMBER
- control field: 624108
003 - CONTROL NUMBER IDENTIFIER
- control field: OSt
005 - DATE AND TIME OF LATEST TRANSACTION
- control field: 20221005110412.0
008 - FIXED-LENGTH DATA ELEMENTS
- fixed length control field: 221005|| aca||aabn | a|a d
040 ## - CATALOGING SOURCE
- Original cataloging agency: OSt
- Transcribing agency: OSt
150 ## - HEADING--TOPICAL TERM
- Topical term or geographic name entry element: गुरू गोबिन्द सिंह
670 ## - SOURCE DATA FOUND
- Source citation: Work cat.: (OSt)1018700: सिंह, सत्येन्द्र पाल, ले. 624107, महान गुरू गोबिंद सिंह, 2017
